000 00282nam a22001337a 4500
008 170714b xxu||||| |||| 00| 0 eng d
020 _a9780226808383
041 _aeng
080 _a1(091)
100 _a24
101 _aFJA
245 _aCOSMOPOLIS
_cTOULMIN,S
942 _2udc
_cBK
999 _c20687
_d20687